Acceptance testing.

Bibliographic Details
Corporate Author: United States. Election Assistance Commission
Format: Government Document eBook
Language:English
Published: [Washington, DC] : U.S. Election Assistance Commission, [2007]
Series:Quick start management guide.
Subjects:
Online Access:https://purl.fdlp.gov/GPO/gpo7553

MARC

Tag First Indicator Second Indicator Subfields
LEADER 00000cam a2200000 a 4500
001 in00002700513
005 20211120161647.0
006 m d f
007 cr cn|||||||||
008 110516s2007 dcua o f000 0 eng c
035 |a (OCoLC)ocn723998674 
040 |a GPO  |c GPO  |d MvI  |d UtOrBLW 
042 |a pcc 
043 |a n-us--- 
049 |a WWW 
074 |a 1151 (online) 
086 0 |a Y 3.EL 2/5:2 AC 2 
245 0 0 |a Acceptance testing. 
264 1 |a [Washington, DC] :  |b U.S. Election Assistance Commission,  |c [2007] 
300 |a 1 online resource (16 unnumbered pages) :  |b color illustrations 
336 |a text  |b txt  |2 rdacontent 
337 |a computer  |b c  |2 rdamedia 
338 |a online resource  |b cr  |2 rdacarrier 
490 1 |a Quick start management guide 
500 |a Title from title screen (viewed on May 16, 2011). 
500 |a "October 2007." 
500 |a Electronic resource. 
650 0 |a Elections  |z United States  |x Management. 
650 0 |a Voting  |x Technological innovations  |z United States. 
650 0 |a Electronic systems. 
710 1 |a United States.  |b Election Assistance Commission. 
776 0 8 |i Print version:  |t Acceptance testing  |w (OCoLC)723998673 
830 0 |a Quick start management guide. 
856 4 0 |u https://purl.fdlp.gov/GPO/gpo7553  |t 0 
999 |a MARS 
999 f f |s 101cf066-0b8c-3450-892d-e68b294d849e  |i ff217bd7-f33e-3395-8f49-f99f0bd94dea  |t 0 
952 f f |a Texas A&M University  |b College Station  |c Electronic Resources  |d Available Online  |t 0  |e Y 3.EL 2/5:2 AC 2  |h Superintendent of Documents classification 
998 f f |a Y 3.EL 2/5:2 AC 2  |t 0  |l Available Online